LEADER 00768nam a2200181 i 4500 001 000000035858 003 CaOOAMICUS 005 20121205000000.0 008 121205s1826 it u000 u ita u 013 $a4724 026 $anite usam sio- prDi (7) 1826 (A) 040 $aSeMil$bita 245 10$aTomo 2. 300 $a341 p. 773 0 $aLiguori, Alfonso Maria : de' $tSermoni compendiati per tutte le domeniche dell'anno con un metodo per farli servire nelle missioni e negli esercizj spirituali del beato Alfonso Maria de Liguori. Tomo 1. [-3.].$dMonza : Luca Corbetta, 1825-1826.$g2$w()27779 850 $aSeMil 852 $aSeMil$W1$xVenegono$y1$m2E I 59 FA$j2013$B2013$CSeMilBibl$Z2$F2013 $8I 996 $6245$aTomo 2$9(OLS)http://semarc/title/49331 LEADER 01523nam a2200313 i 4500 001 000000077247 003 CaOOAMICUS 005 20251110142611.0 008 040116s1999 au u000 u lat u 013 $a48419 020 $a3-7001-2864-9 040 $aSeMil$bita 100 1 $aPaulinus : Nolanus .$0(OLS)http://semarc/name/747 245 10$aEpistulae /$cedidit Guilelmus de Hartel. 250 $aEditio altera, supplementis aucta. 260 $aVindobonae :$bVerlag der Österreichischen Akademie der Wissenschaften,$c1999. 300 $aXXVII, 462 p. ;$c22 cm. 490 0 $aCorpus scriptorum ecclesiasticorum latinorum ;$vVol.29. [bis] 700 1 $aKamptner, Margit.$0(OLS)http://semarc/name/25968 700 1 $aHartel, Wilhelm August : von.$0(OLS)http://semarc/name/5647 773 0 $aPaulinus : Nolanus $tSancti Pontii Meropii Paulini Nolani Opera.$kCorpus scriptorum ecclesiasticorum latinorum$gPars1$w()5674 830 0$aCorpus scriptorum ecclesiasticorum latinorum ;$vVol.29. [bis].$0(OLS)http://semarc/title/405 850 $aSeMil 852 $aSeMil$W1$xVenegono$y1$m2S I 34/A$j234920$B43399$CSeMilBibl$Z2$F78543 $81 961 $aSottoscrizione: VÖAW 996 $6020$a3-7001-2864-9$9(OLS)http://semarc/number/58795 996 $6245$aEpistulae$9(OLS)http://semarc/title/125413 996 $6260$aVindobonae :$bVerlag der Österreichischen Akademie der Wissenschaften$9(OLS)http://semarc/publisher/41482